|
|
|
|
| LEADER |
00000nam0a2200000 4500 |
| 001 |
158159 |
| 005 |
20231101222021.0 |
| 010 |
|
|
|a 5250020518
|
| 020 |
|
|
|a RU
|b 92-12008
|
| 035 |
|
|
|a (RuTPU)RU\TPU\book\171538
|
| 090 |
|
|
|a 158159
|
| 100 |
|
|
|a 20090420d1992 m y0rusy5003 ca
|
| 101 |
1 |
|
|a rus
|c ger
|
| 102 |
|
|
|a RU
|
| 105 |
|
|
|a y z 001ay
|
| 200 |
1 |
|
|a Борьба с демоном: Гёльдерлин, Клейст, Ницше
|e пер. с нем.
|f Стефан Цвейг
|
| 210 |
|
|
|a Москва
|c Республика
|d 1992
|
| 215 |
|
|
|a 304 с.
|d 20 см
|
| 320 |
|
|
|a Библиогр. в коммент.: с. 292-302
|
| 600 |
|
1 |
|a Гельдерлин
|b Ф.
|g Фридрих
|c немецкий поэт-романтик
|f 1770-1843
|2 stltpush
|3 (RuTPU)RU\TPU\pers\12261
|
| 600 |
|
1 |
|a Клейст
|b Г. фон
|g Генрих
|c немецкий писатель-романтик
|f 1777-1811
|2 stltpush
|3 (RuTPU)RU\TPU\pers\12262
|
| 600 |
|
1 |
|a Ницше
|b Ф.
|c немецкий философ
|f 1844-1900
|g Фридрих
|2 stltpush
|3 (RuTPU)RU\TPU\pers\341
|9 167
|
| 610 |
1 |
|
|a Немецкая литература
|
| 610 |
1 |
|
|a 18 век
|
| 610 |
1 |
|
|a 19 век
|
| 610 |
1 |
|
|a биографическая проза
|
| 675 |
|
|
|a 83
|z rus
|
| 700 |
|
1 |
|a Цвейг
|b С.
|c австрийский писатель
|f 1881-1942
|g Стефан
|2 stltpush
|3 (RuTPU)RU\TPU\pers\17082
|9 6222
|
| 801 |
|
0 |
|a RU
|b RuMRKP
|c 19950417
|g psbo
|
| 801 |
|
1 |
|a RU
|b 63413507
|c 20090420
|g PSBO
|
| 801 |
|
2 |
|a RU
|b 63413507
|c 20090420
|g PSBO
|
| 942 |
|
|
|c BK
|